书目信息 |
| 题名: |
图书馆的未来
|
|
| 作者: | 刘爱荣 著 | |
| 分册: | ||
| 出版信息: | 北京 当代世界出版社 1999 |
|
| 页数: | 243页 | |
| 开本: | 20cm | |
| 丛书名: | ||
| 单 册: | ||
| 中图分类: | G25 | |
| 科图分类: | 37.6 | |
| 主题词: | 图书馆--展望 | |
| 电子资源: | ||
| ISBN: | 7-80115-240-9 | |
| 000 | 00568nam0 2200217 45 | |
| 001 | 012000011140 | |
| 005 | 20070729160634.46 | |
| 010 | @a7-80115-240-9@dCNY15.00 | |
| 100 | @a20000302d1999 em y0chiy0121 ea | |
| 101 | 0 | @achi |
| 102 | @aCN@b110000 | |
| 105 | @ay z 000yy | |
| 200 | 1 | @a图书馆的未来@Atu shu guan de wei lai@f刘爱荣著 |
| 210 | @a北京@c当代世界出版社@d1999 | |
| 215 | @a243页@d20cm | |
| 606 | @a图书馆@x展望 | |
| 690 | @aG25@v4 | |
| 692 | @a37.6@v2 | |
| 701 | 0 | @a刘爱荣@Aliu ai rong@4著 |
| 801 | 0 | @aCN@bTSSF@c20070729 |
| 905 | @a10447@dG25@e127 | |
| 图书馆的未来/刘爱荣著.-北京:当代世界出版社,1999 |
| 243页;20cm |
| ISBN 7-80115-240-9:CNY15.00 |
| ● |
| 相关链接 |
|
|
|
|
正题名:图书馆的未来
索取号:G25/127
 
预约/预借
| 序号 | 登录号 | 条形码 | 馆藏地/架位号 | 状态 | 备注 |
| 1 | 0784590 | 207845901 | 第一样本阅览室/ [索取号:G25/127] | 在馆 |